| 000 | 00615cab a2200205 4500 | ||
|---|---|---|---|
| 001 | ABS45882 | ||
| 008 | 090401t1992 xxu||||| |||| 00| 0 eng d | ||
| 035 | _a(Sirsi) u55696 | ||
| 041 | _aeng | ||
| 245 | _aEC eco-labelling scheme | ||
| 260 | _c1992 | ||
| 350 | _a0 | ||
| 490 |
_aEnvironment Information Bulletin _v(4) February 1992, 7-9(3) |
||
| 520 | _aExamines the eco-labelling scheme, the first products bearing the logo being expected in the Autumn. | ||
| 650 | _aECO-LABELLING | ||
| 690 | _aENVIRONMENTAL AND LAND CONSULTANCY | ||
| 690 | _aEUROPE-SINGLE MARKET | ||
| 942 | _n0 | ||
| 948 | _c04/03/1997 | ||
| 999 |
_c34047 _d34047 |
||